<?xml version="1.0" encoding="UTF-8"?>
<record
    xmlns:xsi="http://www.w3.org/2001/XMLSchema-instance"
    xsi:schemaLocation="http://www.loc.gov/MARC21/slim http://www.loc.gov/standards/marcxml/schema/MARC21slim.xsd"
    xmlns="http://www.loc.gov/MARC21/slim">

  <leader>02128ngm a22004097a 4500</leader>
  <controlfield tag="005">20160711133805.0</controlfield>
  <controlfield tag="007">ta</controlfield>
  <controlfield tag="008">160711b200?    mx 044|d |||| s0| mlesp d</controlfield>
  <datafield tag="028" ind1=" " ind2=" ">
    <subfield code="a">506036056491</subfield>
  </datafield>
  <datafield tag="050" ind1="0" ind2="4">
    <subfield code="a">PN1995.9.D6 </subfield>
    <subfield code="b">D37 200?</subfield>
  </datafield>
  <datafield tag="245" ind1="0" ind2="0">
    <subfield code="a">Charles Darwin</subfield>
    <subfield code="b">: biograf&#xED;a</subfield>
    <subfield code="c"> / produced by Actuality Productions for A&amp;E Network ; a presentation of Hearst Entertainment and The History Channel.</subfield>
    <subfield code="h">[videograbaci&#xF3;n]</subfield>
  </datafield>
  <datafield tag="260" ind1=" " ind2=" ">
    <subfield code="a">M&#xE9;xico </subfield>
    <subfield code="b">Zima Entertainment |b Distribuido por Cine, Video y TV </subfield>
    <subfield code="c">200-?</subfield>
  </datafield>
  <datafield tag="300" ind1=" " ind2=" ">
    <subfield code="a">1 videodisco (44 min.) </subfield>
    <subfield code="b">sonido., color. </subfield>
    <subfield code="c">4 3/4 plg.</subfield>
  </datafield>
  <datafield tag="500" ind1=" " ind2=" ">
    <subfield code="a">G&#xE9;nero: Documental.</subfield>
  </datafield>
  <datafield tag="508" ind1=" " ind2=" ">
    <subfield code="a">Productor supervisor, Don Cambou ; escrita y producida por Noah Morowitz ; edici&#xF3;n, Warren Peters, Bob Potter ; m&#xFA;sica, Alan Ett ; c&#xE1;mara, Calvin Roberts, Matt Sohn, Doug Weisman.</subfield>
  </datafield>
  <datafield tag="511" ind1=" " ind2=" ">
    <subfield code="a">Narrada en ingl&#xE9;s por Joseph Campanella.</subfield>
  </datafield>
  <datafield tag="520" ind1=" " ind2=" ">
    <subfield code="a">Su teor&#xED;a sobre la "Evoluci&#xF3;n de las especies" transform&#xF3; el viejo concepto que se ten&#xED;a sobre la creaci&#xF3;n.
 Es innegable que Charles Darwin fue uno de los hombre que mas contribuyo a sentar las bases de la ciencia moderna. 
Biography y The History Channel han preparado para usted un retrato muy especial sobre la vida, obra y logros reconocidos del naturalista ingl&#xE9;s mas importante del siglo XlX .  </subfield>
  </datafield>
  <datafield tag="538" ind1=" " ind2=" ">
    <subfield code="a">DVD, regiones 1 y 4.</subfield>
  </datafield>
  <datafield tag="546" ind1=" " ind2=" ">
    <subfield code="a">En espa&#xF1;ol e ingl&#xE9;s, subt&#xED;tulos en espa&#xF1;ol.</subfield>
  </datafield>
  <datafield tag="600" ind1="1" ind2="4">
    <subfield code="a">Darwin, Charles, </subfield>
    <subfield code="d">1809-1882.</subfield>
  </datafield>
  <datafield tag="650" ind1="0" ind2="4">
    <subfield code="a">Evoluci&#xF3;n </subfield>
    <subfield code="x">(Biolog&#xED;a)</subfield>
  </datafield>
  <datafield tag="650" ind1="0" ind2="4">
    <subfield code="a">Naturalistas </subfield>
    <subfield code="v">Biograf&#xED;as.</subfield>
    <subfield code="z">Inglaterra </subfield>
  </datafield>
  <datafield tag="650" ind1="0" ind2="4">
    <subfield code="a">Cient&#xED;ficos </subfield>
    <subfield code="v">Biograf&#xED;as.</subfield>
    <subfield code="z">Inglaterra </subfield>
  </datafield>
  <datafield tag="650" ind1="0" ind2="4">
    <subfield code="a">Cine documental.</subfield>
  </datafield>
  <datafield tag="650" ind1="0" ind2="4">
    <subfield code="a">Programas documentales de televisi&#xF3;n.</subfield>
  </datafield>
  <datafield tag="700" ind1="1" ind2=" ">
    <subfield code="a"> Don Cambou </subfield>
    <subfield code="e">Productor supervisor,</subfield>
  </datafield>
  <datafield tag="700" ind1="1" ind2=" ">
    <subfield code="a"> Noah Morowitz</subfield>
    <subfield code="e">escrita y producida por</subfield>
  </datafield>
  <datafield tag="700" ind1="1" ind2=" ">
    <subfield code="a">Warren Peters</subfield>
    <subfield code="e">edici&#xF3;n, </subfield>
  </datafield>
  <datafield tag="700" ind1="1" ind2=" ">
    <subfield code="a">Bob Potter</subfield>
    <subfield code="e">edici&#xF3;n,</subfield>
  </datafield>
  <datafield tag="700" ind1="1" ind2=" ">
    <subfield code="a"> Alan Ett </subfield>
    <subfield code="e"> m&#xFA;sica,</subfield>
  </datafield>
  <datafield tag="700" ind1="1" ind2=" ">
    <subfield code="a"> Calvin Roberts</subfield>
    <subfield code="e">c&#xE1;mara,</subfield>
  </datafield>
  <datafield tag="700" ind1="1" ind2=" ">
    <subfield code="a">Matt Sohn, </subfield>
    <subfield code="e">c&#xE1;mara,</subfield>
  </datafield>
  <datafield tag="700" ind1="1" ind2=" ">
    <subfield code="a">Doug Weisman.</subfield>
    <subfield code="e">c&#xE1;mara,</subfield>
  </datafield>
  <datafield tag="700" ind1="1" ind2=" ">
    <subfield code="a">Joseph Campanella</subfield>
    <subfield code="e">Narrador</subfield>
  </datafield>
  <datafield tag="710" ind1="2" ind2=" ">
    <subfield code="a">The History Channel.</subfield>
  </datafield>
  <datafield tag="942" ind1=" " ind2=" ">
    <subfield code="2">lcc</subfield>
    <subfield code="c">PEL</subfield>
  </datafield>
  <datafield tag="999" ind1=" " ind2=" ">
    <subfield code="c">118230</subfield>
    <subfield code="d">118230</subfield>
  </datafield>
  <datafield tag="952" ind1=" " ind2=" ">
    <subfield code="0">0</subfield>
    <subfield code="1">0</subfield>
    <subfield code="2">lcc</subfield>
    <subfield code="4">0</subfield>
    <subfield code="7">0</subfield>
    <subfield code="a">LIC-047</subfield>
    <subfield code="b">LIC-047</subfield>
    <subfield code="c">MA</subfield>
    <subfield code="d">2016-07-11</subfield>
    <subfield code="h">VBFP000138</subfield>
    <subfield code="l">1</subfield>
    <subfield code="o">PN1995.9.D6 D37 200?</subfield>
    <subfield code="p">VBFP000138</subfield>
    <subfield code="r">2017-04-24 00:00:00</subfield>
    <subfield code="s">2017-04-07</subfield>
    <subfield code="t">1</subfield>
    <subfield code="w">2016-07-11</subfield>
    <subfield code="y">PEL</subfield>
  </datafield>
</record>
